000 01010nam0a22002651 4500
001 rc\4700912
005 20130416211439.0
021 _aRU
_bРг6613-60
035 _a(NLR Aleph) 008432791
090 _a9428094
_c9428094
100 _a20130416d1960 |||y0rusy50 ca
101 0 _arus
102 _aRU
105 _ay z |||||
200 1 _aПрограммные вопросы и основные положения государственных инструкций по геодезии
_fКаз. гос. с.-х. ин-т. Гидромелиорат. фак. Кафедра геодезии
210 _aАлма-Ата
_cБ. и.
_d1960
215 _a28 с.
_d22
300 _aВ конце текста сост.: С.О. Сарыбатыров
702 1 _aСарыбатыров
_bС. О.
_4220
712 0 2 _aКазахский с.-х. ин-т
_cАлма-Ата
_3RU\NLR\AUTH\8817848
801 0 _aRU
_bNLR
_gpsbo
801 1 _aRU
_bELAR
_2rusmarc
852 _aNLR
_j60-6/6559
942 _cBOOK
980 _aNB